Anticipative Girsanov transformations and Skorohod stochastic differential equations

Saved in:
Bibliographic Details
Main Author: Buckdahn, Rainer
Format: Book
Language:English
Published: Providence, Rhode island : American Mathematical Society, c1994
Series:Memoirs of the American Mathematical Society ; ; 533
Subjects:
Tags: Add Tag
No Tags, Be the first to tag this record!

MARC

LEADER 00000nam a2200000 i 4500
001 1/91451
008 991018s1994 eng d
020 |a 0821825968 
035 |l 10053597 
040 |a GR-MY-UA  |b gre  |e aacr 
041 0 |a eng 
082 0 |a 519.2 
100 1 |a Buckdahn, Rainer. 
245 1 0 |a Anticipative Girsanov transformations and Skorohod stochastic differential equations /  |c Rainer Buckdahn 
260 |a Providence, Rhode island :   |b American Mathematical Society,   |c c1994 
300 |a vii, 88 p.;  |c 25 cm. 
490 1 |a Memoirs of the American Mathematical Society  |v ; 533 
500 |a Volume 111, number 533 (second of 5 numbers) 
500 |a Includes bibliographical references 
650 0 0 |a Stochastic differential equations. 
830 0 |a Memoirs of the American Mathematical Society ;  |v ; 533 
852 |a INST  |b SAMOS  |e 19991018  |h 519.2 BUC  |p 005300012493  |q 005300012493  |t BK  |y 0 
901 |a BIBL3-1999-3 
909 |a Σ  |b 063279 
922 |a 3ΕΛΗ  |b 199907  |c ΕΠΕΑΕΚ/ΜΑΘ  |d ΠΑΠΑΣΩΤΗΡΙΟΥ 
970 |a ΓΕΝΟΥΖΟΥ  |b ΧΡΥΣΑΝΘΗ  |z 1999/10/18